Redes informáticas: guía práctica
Guardat en:
| Autor principal: | |
|---|---|
| Format: | Llibre |
| Idioma: | espanyol |
| Publicat: |
Madrid
Thomson
2000
|
| Edició: | 1a. ed |
| Matèries: | |
| Etiquetes: |
Afegir etiqueta
Sense etiquetes, Sigues el primer a etiquetar aquest registre!
|
MARC
| LEADER | 00000nam a2200000 a 4500 | ||
|---|---|---|---|
| 001 | UCK6837 | ||
| 003 | CL-VaPUC | ||
| 005 | 20230425101342.0 | ||
| 008 | 051021e20000000SP |||||||||||||||||spa|d | ||
| 999 | |c 314983 |d 314981 | ||
| 020 | |a 8428326657 | ||
| 040 | |c Pontificia Universidad Católica de Valparaíso | ||
| 082 | 0 | 4 | |a 004.62 |b PAL |2 21 |
| 100 | 1 | |a Palmer, Michael J. |e autor |9 496317 | |
| 245 | 1 | 0 | |a Redes informáticas: guía práctica |
| 250 | |a 1a. ed | ||
| 260 | |a Madrid |b Thomson |c 2000 | ||
| 300 | |a 482 p | ||
| 583 | |a last modification |c 20051021 00:00:00 |k Rodrigo Vera | ||
| 650 | 0 | |a Redes informáticas |9 334846 | |
| 650 | 7 | |a INTEGRACION DE REDES |2 CL-VaPUC |9 462972 | |
| 650 | 0 | |a Protocolos de redes |9 464559 | |
| 650 | 7 | |a GESTION DE REDES |2 CL-VaPUC |9 462971 | |
| 942 | |c BK |2 ddc | ||
| 945 | |d 20051021 00:00:00 |a cmena | ||
| 952 | |0 0 |1 0 |4 0 |6 004_620000000000000_PAL_2000 |7 0 |8 A |9 387853 |a BIBING |b BIBING |d 2019-11-22 |i 4120892 |o 004.62 PAL 2000 |p 4120892 |r 2024-01-25 |w 2019-11-22 |y BK |k EIE | ||